| 000 | 00511nam a2200193Ia 4500 | ||
|---|---|---|---|
| 005 | 20250508155635.0 | ||
| 008 | 008 250505s9999 xx 000 0 eng d | ||
| 037 | _aBooks to be hide in OPAC | ||
| 040 |
_aFEDL _beng _cFEDL |
||
| 041 |
_aeng _2eng |
||
| 084 | _qFEDL | ||
| 100 |
_aSiddalingayya M _9767192 |
||
| 245 | 0 | _aShikshana thatawadarshana (Education philosophic view) | |
| 260 | _c1948 | ||
| 546 | _aWeeded out | ||
| 700 |
_a Veerappa N S _9767193 |
||
| 942 | _cHB | ||
| 999 |
_c1358440 _d1358440 |
||